| 000 | 01693 a2200229 4500 | ||
|---|---|---|---|
| 001 | 61909 | ||
| 005 | 20260407155911.0 | ||
| 008 | 260407a1991 arg spa d | ||
| 003 | AR-UNSa-BCEJYS | ||
| 040 |
_aAR-UNSa-BCEJYS _bspa _cAR-UNSa-BCEJYS |
||
| 080 |
_a336.745 _xCambio de monedas. Moneda extranjera |
||
| 245 | 1 | 0 |
_aObligaciones en moneda extranjera _pLa reforma del Código Civil |
| 020 | _a978-950-14-0596-5 | ||
| 250 | _a2a. ed. | ||
| 264 | 1 |
_aBuenos Aires : _bEdiciones Depalma _c1991 |
|
| 300 |
_a237 p. _c23 cm. |
||
| 505 | _a1. El poder del dinero y la democracia directa - 2. La moneda extranjera y l obligación en moneda extranjera - 3. El derecho de las obligaciones en moneda extranjera - 4. La realidad económica internacional de las obligaciones y la excesiva onerosidad sobreviniente - 5. Ejecución de una condena judicial a pagar en moneda extranjera - 6. Ejecución judicial en la Argentina de obligaciones en moneda extranjera - 7. Derecho monetario internacional y derecho internacional privado - 8. Diferencia del valor de las obligaciones internacionales en moneda extranjera según su lugar de pago - 9. Capitalización de intereses en los contratos internacionales de refinanciación y reestructuración de deudas - 10. La doctrina del "acto de Estado" y el lugar de pago de obligaciones internacionales en la jurisprudencia de Nueva York - 11. Contratos de cambio contrarios al acuerdo Bretton Woods - 12. El art. VIII, 2(b), del convenio del fondo monetario internacional - 13. Derecho transitorio de las obligaciones en moneda extranjera - | ||
| 041 | _aspa | ||
| 942 | _cBK | ||
| 590 | _aniveau_biblio:m niveau_hierar:0 | ||
| 100 | 1 | _aBoggiano, Antonio | |
| 999 |
_c7478 _d7478 |
||